000 00291nam a22001337a 4500
008 181105b xxu||||| |||| 00| 0 eng d
020 _a9781285194080
041 _aeng
080 _a510
100 _a36
101 _aMAT
245 _aElementary Algebra
_cKaufmann,J.E
942 _2udc
_cBK
999 _c51798
_d51798